| 000 | 00768cam a22002534a 4500 | ||
|---|---|---|---|
| 008 | |||
| 020 | _a0415195527 (pbk. ) | ||
| 049 | _aMAIN | ||
| 090 | 0 | _aHF5549.5.T7 TRA | |
| 245 | 0 | 0 |
_aTraining for a smart workforce / _cedited by Rod Gerber and Colin Lankshear. |
| 260 |
_aLondon ; _aNew York : _bRoutledge, _c2000. |
||
| 300 |
_axii, 209 p. ; _c24 cm. |
||
| 504 | _aIncludes bibliographical references. | ||
| 500 | _aIncludes index. | ||
| 650 | 0 |
_aEmployees _xTraining of. |
|
| 650 | 0 | _aOrganizational learning. | |
| 700 | 1 | _aGerber, Rodney. | |
| 700 | 1 | _aLankshear, Colin. | |
| 907 |
_a.b10244207 _b15-05-07 _c11-05-07 |
||
| 003 | |||
| 005 | 20230123134444.0 | ||
| 040 | _cNUST | ||
| 942 |
_cBOOKS _kHF5549.5.T7 TRA |
||
| 999 |
_c166224 _d166224 |
||